Capitales africaines - Quiz multi-choix #3 - Statistiques

Statistiques générales
  • Ce quiz a été pris 261 fois
  • Le résultat moyen est 16 sur 17
Statistiques - réponses
Question Réponse % Correct
Algérie Alger
100%
Madagascar Antananarivo
100%
Malawi Lilongwe
100%
Kenya Nairobi
100%
Tchad N'Djaména
100%
Burkina Faso Ouagadougou
100%
Maurice Port-Louis
100%
Cap Vert Praia
100%
Libye Tripoli
100%
Sénégal Dakar
94%
Rwanda Kigali
94%
République du Congo Brazzaville
89%
Soudan du sud Djouba
89%
Comores Moroni
89%
Niger Niamey
83%
Zimbabwe Harare
72%
Guinée équatoriale Malabo
67%
Aucun quiz correspondant
Distribution des résultats
% des personnes avec chaque résultat
Percentile par nombre de réponses
Votre historique - résultats
Vous n’avez pas pris ce quiz